|
|
|
|
| LEADER |
00000cam a22000004a 4500 |
| 001 |
musev2_65590 |
| 003 |
MdBmJHUP |
| 005 |
20230905050742.0 |
| 006 |
m o d |
| 007 |
cr||||||||nn|n |
| 008 |
100407s1990 quc o 00 0 eng d |
| 020 |
|
|
|a 9781772822809
|
| 020 |
|
|
|z 1772822809
|
| 035 |
|
|
|a (OCoLC)604123989
|
| 040 |
|
|
|a MdBmJHUP
|c MdBmJHUP
|
| 100 |
1 |
|
|a Galloway, Brent Douglas.
|
| 245 |
1 |
2 |
|a Phonology, morphology, and classified word list for the Samish dialect of Straits Salish /
|c Brent D. Galloway.
|
| 264 |
|
1 |
|a Hull, Que. :
|b Canadian Museum of Civilization,
|c 1990.
|
| 264 |
|
3 |
|a Baltimore, Md. :
|b Project MUSE,
|c 2020
|
| 264 |
|
4 |
|c ©1990.
|
| 300 |
|
|
|a 1 online resource (127 pages):
|b map.
|
| 336 |
|
|
|a text
|b txt
|2 rdacontent
|
| 337 |
|
|
|a computer
|b c
|2 rdamedia
|
| 338 |
|
|
|a online resource
|b cr
|2 rdacarrier
|
| 490 |
0 |
|
|a Paper / Canadian Ethnology Service,
|x 0316-1862 ;
|v no. 116
|
| 490 |
0 |
|
|a Mercury series,
|x 0316-1854
|
| 520 |
|
|
|a This volume presents a description of the phonology and morphology of the Samish dialect of the Straits Salish language, together with a text and word list, classified by semantic domain, of the same language, on Vancouver Island, British Columbia.
|
| 588 |
|
|
|a Description based on print version record.
|
| 650 |
|
7 |
|a Salish language.
|2 fast
|0 (OCoLC)fst01104035
|
| 650 |
|
7 |
|a Indians of North America
|x Languages.
|2 fast
|0 (OCoLC)fst00969810
|
| 650 |
1 |
7 |
|a Engels.
|2 gtt
|
| 650 |
1 |
7 |
|a Samish (taal)
|2 gtt
|
| 650 |
|
6 |
|a Indiens
|z Amerique du Nord
|z Colombie-Britannique
|x Langues.
|
| 650 |
|
6 |
|a Salish de la côte (Indiens)
|x Langues.
|
| 650 |
|
6 |
|a Flathead (Langue)
|
| 650 |
|
0 |
|a Indians of North America
|z British Columbia
|x Languages.
|
| 650 |
|
0 |
|a Coast Salish Indians
|x Languages.
|
| 650 |
|
0 |
|a Salish language.
|
| 651 |
|
7 |
|a British Columbia.
|2 fast
|0 (OCoLC)fst01205265
|
| 655 |
|
7 |
|a Electronic books.
|2 local
|
| 710 |
2 |
|
|a Canadian Ethnology Service.
|
| 710 |
2 |
|
|a Canadian Museum of Civilization.
|
| 710 |
2 |
|
|a Project Muse.
|e distributor
|
| 830 |
|
0 |
|a Book collections on Project MUSE.
|
| 856 |
4 |
0 |
|z Texto completo
|u https://projectmuse.uam.elogim.com/book/65590/
|
| 945 |
|
|
|a Project MUSE - Custom Collection
|
| 945 |
|
|
|a Project MUSE - Archive Complete Supplement VIII
|
| 945 |
|
|
|a Project MUSE - Archive Language and Linguistics Supplement VII
|
| 945 |
|
|
|a Project MUSE - Archive Native American and Indigenous Studies Supplement VII
|